[Event "12. Open Internacional Málaga"]
[Site "Malaga ESP"]
[Date "2009.07.12"]
[Round "3.24"]
[White "Jimenez Capilla, Martin R"]
[Black "Gavilan Diaz, Mario"]
[Result "1/2-1/2"]
[WhiteElo "1984"]
[BlackElo "2280"]
[PlyCount "58"]
[EventDate "2009.07.11"]
[EventType "swiss"]
[EventRounds "9"]
[EventCountry "ESP"]
[Source "lmi"]
[SourceDate "2009.07.11"]

1. e4 c5 2. Nf3 d6 3. d4 cxd4 4. Nxd4 Nf6 5. Nc3 a6 6. Be3 e5 7. Nf3 Qc7 8. a4
b6 9. Bg5 Nbd7 10. Nd2 Bb7 11. Bc4 Be7 12. Qe2 h6 13. Bh4 g5 14. Bg3 Nf8 15. h4
Rg8 16. hxg5 hxg5 17. O-O-O Ng6 18. Nf3 Nf8 19. Kb1 Ne6 20. Rh6 Nc5 21. Nd2 Qc6
22. Nd5 Nxd5 23. Bxd5 Qc7 24. Bxf7+ Kxf7 25. Qh5+ Kf8 26. Rh7 Rg7 27. Rh8+ Rg8
28. Rh7 Rg7 29. Rh8+ Rg8 1/2-1/2

[Event "12. Open Internacional Málaga"]
[Site "Malaga ESP"]
[Date "2009.07.12"]
[Round "3.25"]
[White "Lasinskas, Povilas"]
[Black "Dominguez Garcia, Juan Antonio"]
[Result "1-0"]
[WhiteElo "2268"]
[BlackElo "1984"]
[PlyCount "53"]
[EventDate "2009.07.11"]
[EventType "swiss"]
[EventRounds "9"]
[EventCountry "ESP"]
[Source "lmi"]
[SourceDate "2009.07.11"]

1. d4 Nf6 2. c4 c5 3. d5 e6 4. Nc3 exd5 5. cxd5 d6 6. e4 g6 7. h3 Bg7 8. Nf3
O-O 9. Bd3 b5 10. O-O a6 11. a3 Re8 12. Re1 Nbd7 13. Bg5 c4 14. Bc2 Nc5 15. Qd2
Qc7 16. e5 Nfd7 17. exd6 Rxe1+ 18. Rxe1 Qxd6 19. Re8+ Nf8 20. Qe3 Bb7 21. Rxa8
Bxa8 22. Be7 Bh6 23. Bxd6 Bxe3 24. fxe3 Nd3 25. Bxf8 Kxf8 26. Bxd3 cxd3 27. e4
1-0

[Event "12. Open Internacional Málaga"]
[Site "Malaga ESP"]
[Date "2009.07.12"]
[Round "3.26"]
[White "Goetzee, Rick"]
[Black "Montero Melendez, Rafael"]
[Result "0-1"]
[WhiteElo "1949"]
[BlackElo "2249"]
[PlyCount "52"]
[EventDate "2009.07.11"]
[EventType "swiss"]
[EventRounds "9"]
[EventCountry "ESP"]
[Source "lmi"]
[SourceDate "2009.07.11"]

1. d4 Nf6 2. c4 e6 3. Nc3 Bb4 4. Qc2 O-O 5. a3 Bxc3+ 6. Qxc3 b5 7. e3 bxc4 8.
Bxc4 Bb7 9. Nf3 Nc6 10. O-O Ne7 11. b4 Ne4 12. Qc2 f5 13. Bb2 Ng6 14. Rad1 Nd6
15. Be2 Rc8 16. Ne5 Be4 17. Bd3 Qg5 18. Bxe4 fxe4 19. Nxg6 hxg6 20. Qc5 Rf5 21.
Qxa7 Qg4 22. Rc1 Rg5 23. g3 Qh3 24. Rc5 Nf5 25. Rxf5 gxf5 26. Rc1 Rh5 0-1

[Event "12. Open Internacional Málaga"]
[Site "Malaga ESP"]
[Date "2009.07.12"]
[Round "3.27"]
[White "Naranjo Moreno, Antonio"]
[Black "Palomo Leon, Juan Antonio"]
[Result "1-0"]
[WhiteElo "2244"]
[BlackElo "1980"]
[PlyCount "63"]
[EventDate "2009.07.11"]
[EventType "swiss"]
[EventRounds "9"]
[EventCountry "ESP"]
[Source "lmi"]
[SourceDate "2009.07.11"]

1. e4 c6 2. d4 d5 3. Nc3 dxe4 4. Nxe4 Nd7 5. Qe2 Ndf6 6. c3 Nxe4 7. Qxe4 Nf6 8.
Qc2 Bg4 9. Bd3 Qd5 10. f3 Bh5 11. Ne2 e5 12. O-O O-O-O 13. Bf5+ Nd7 14. Be3 Kb8
15. Rfd1 Ka8 16. b4 Bg6 17. Rd2 Be7 18. Rad1 Nb6 19. Bxg6 hxg6 20. Bf2 Nc4 21.
Rd3 f5 22. Qb3 b5 23. Qc2 g5 24. dxe5 Qxe5 25. Ng3 g4 26. Re1 Qf6 27. Nxf5 Rxd3
28. Qxd3 Rd8 29. Bd4 gxf3 30. Bxf6 Rxd3 31. Bxe7 fxg2 32. Bc5 1-0

[Event "12. Open Internacional Málaga"]
[Site "Malaga ESP"]
[Date "2009.07.12"]
[Round "3.28"]
[White "Fernandez Garcia, Francisco Jos"]
[Black "Eyo Castro Rial, Alberto"]
[Result "1-0"]
[WhiteElo "1913"]
[BlackElo "2196"]
[PlyCount "63"]
[EventDate "2009.07.11"]
[EventType "swiss"]
[EventRounds "9"]
[EventCountry "ESP"]
[Source "lmi"]
[SourceDate "2009.07.11"]

1. e4 e6 2. d4 d5 3. Nc3 Nf6 4. Bg5 dxe4 5. f3 e3 6. Bd3 Bb4 7. Nge2 O-O 8. O-O
Nc6 9. Ne4 Be7 10. Bxe3 e5 11. Nxf6+ Bxf6 12. d5 Ne7 13. c4 Bf5 14. Be4 Qd7 15.
Bc5 Rfe8 16. Qc2 Bg6 17. Ng3 Rad8 18. Rad1 Nc8 19. Bxg6 hxg6 20. Ne4 Be7 21.
Be3 f5 22. Nc5 Bxc5 23. Bxc5 b6 24. Bf2 Qf7 25. Bh4 Rd7 26. Bg5 Nd6 27. b4 f4
28. Qb3 b5 29. cxb5 Nxb5 30. Rfe1 Nd4 31. Qc4 Qxd5 32. Rxd4 1-0

[Event "12. Open Internacional Málaga"]
[Site "Malaga ESP"]
[Date "2009.07.12"]
[Round "3.29"]
[White "Cuenca Jimenez, Francisco Javier"]
[Black "Dominguez Garcia, Francisco"]
[Result "1-0"]
[WhiteElo "2174"]
[BlackElo "1956"]
[PlyCount "47"]
[EventDate "2009.07.11"]
[EventType "swiss"]
[EventRounds "9"]
[EventCountry "ESP"]
[Source "lmi"]
[SourceDate "2009.07.11"]

1. c4 d6 2. g3 e5 3. Bg2 c5 4. Nc3 Nc6 5. a3 Nge7 6. d3 g6 7. b4 cxb4 8. axb4
Nxb4 9. Ba3 Qa5 10. Qb3 Nec6 11. Nf3 Na6 12. O-O Nc5 13. Bxc5 Qxc5 14. Ne4 Qb4
15. Nf6+ Kd8 16. Qc2 a5 17. Rfb1 Qc5 18. Ng5 Be6 19. Rxb7 Kc8 20. Nxe6 fxe6 21.
Rb4 Qd4 22. Bxc6 Qxa1+ 23. Rb1 Qd4 24. Bxa8 1-0

[Event "12. Open Internacional Málaga"]
[Site "Malaga ESP"]
[Date "2009.07.12"]
[Round "3.30"]
[White "Escalante Ortega, Fernando"]
[Black "Schmidt, Ralf"]
[Result "0-1"]
[WhiteElo "1865"]
[BlackElo "2171"]
[PlyCount "76"]
[EventDate "2009.07.11"]
[EventType "swiss"]
[EventRounds "9"]
[EventCountry "ESP"]
[Source "lmi"]
[SourceDate "2009.07.11"]

1. e4 e6 2. Nf3 d5 3. Nc3 Nf6 4. e5 Nfd7 5. d4 c5 6. dxc5 Bxc5 7. Bd3 Nc6 8.
Bf4 h6 9. Qe2 g5 10. Bg3 a6 11. O-O b5 12. Rfe1 Be7 13. Nxd5 exd5 14. e6 Nf6
15. exf7+ Kxf7 16. Ne5+ Nxe5 17. Bxe5 Bg4 18. f3 Bc5+ 19. Kh1 Bd7 20. c3 Re8
21. Qc2 Rg8 22. b4 Be7 23. Re2 Qb6 24. Rae1 Rae8 25. Bd4 Qc6 26. Bf5 Bxf5 27.
Qxf5 Bd8 28. Bxf6 Bxf6 29. Rxe8 Rxe8 30. Qh7+ Bg7 31. Qf5+ Kg8 32. Rxe8+ Qxe8
33. Qxd5+ Kh8 34. g3 Bxc3 35. Qd6 Qe1+ 36. Kg2 Qd2+ 37. Qxd2 Bxd2 38. a3 Bc1
0-1

[Event "12. Open Internacional Málaga"]
[Site "Malaga ESP"]
[Date "2009.07.12"]
[Round "3.31"]
[White "Weber, Francois"]
[Black "Dappiano, Andrea"]
[Result "1-0"]
[WhiteElo "2164"]
[BlackElo "1927"]
[PlyCount "74"]
[EventDate "2009.07.11"]
[EventType "swiss"]
[EventRounds "9"]
[EventCountry "ESP"]
[Source "lmi"]
[SourceDate "2009.07.11"]

1. e4 e6 2. d4 d5 3. e5 c5 4. c3 Nc6 5. Nf3 Qb6 6. a3 Nh6 7. b4 cxd4 8. cxd4
Nf5 9. Bb2 Bd7 10. g4 Nh6 11. Rg1 Be7 12. Nc3 f6 13. Na4 Qd8 14. Nc5 fxe5 15.
Nxd7 Qxd7 16. b5 Na5 17. Nxe5 Qd8 18. g5 Nf7 19. Nxf7 Kxf7 20. Bh3 Qb6 21. Qf3+
Ke8 22. Qe2 Kd7 23. Bc3 Nc4 24. a4 Rae8 25. Rg3 Bd6 26. Rf3 Re7 27. Rf7 Rhe8
28. Rxe7+ Rxe7 29. Qf3 Ke8 30. Kf1 a5 31. Kg2 Bb4 32. Re1 Nd2 33. Bxd2 Bxd2 34.
Rd1 Bb4 35. Qd3 g6 36. Qf3 e5 37. Qxd5 exd4 1-0

[Event "12. Open Internacional Málaga"]
[Site "Malaga ESP"]
[Date "2009.07.12"]
[Round "3.33"]
[White "Pascual Palomo, Lucia"]
[Black "Bellon Fernandez, Javier"]
[Result "1-0"]
[WhiteElo "2116"]
[BlackElo "1863"]
[PlyCount "53"]
[EventDate "2009.07.11"]
[EventType "swiss"]
[EventRounds "9"]
[EventCountry "ESP"]
[Source "lmi"]
[SourceDate "2009.07.11"]

1. e4 e5 2. Nf3 Nc6 3. d4 exd4 4. Nxd4 Nf6 5. Nxc6 bxc6 6. e5 Qe7 7. Qe2 Nd5 8.
c4 Ba6 9. g3 Qb4+ 10. Nd2 Nb6 11. a3 Qe7 12. Bg2 O-O-O 13. b4 Bb7 14. O-O d5
15. cxd5 cxd5 16. Bb2 f6 17. Rac1 Qe6 18. Rfe1 Re8 19. Nf3 Nc4 20. Nd4 Qb6 21.
e6 Nxb2 22. Qxb2 Bd6 23. Nb3 Be5 24. Qc2 Bd6 25. Na5 Ba8 26. Qa4 Be5 27. Nc6
1-0

[Event "12. Open Internacional Málaga"]
[Site "Malaga ESP"]
[Date "2009.07.12"]
[Round "3.34"]
[White "Illescas Lopez, Antonio"]
[Black "Vinas Guerrero, Carlos A"]
[Result "0-1"]
[WhiteElo "1841"]
[BlackElo "2104"]
[PlyCount "98"]
[EventDate "2009.07.11"]
[EventType "swiss"]
[EventRounds "9"]
[EventCountry "ESP"]
[Source "lmi"]
[SourceDate "2009.07.11"]

1. e4 c5 2. Nf3 e6 3. d3 d5 4. Nbd2 Nc6 5. g3 Nf6 6. Bg2 Be7 7. O-O O-O 8. e5
Nd7 9. Re1 Qc7 10. Qe2 b5 11. Nf1 Nd4 12. Nxd4 cxd4 13. Bf4 Bb7 14. Rac1 Rac8
15. Qg4 Rfe8 16. Nd2 Qa5 17. a3 Qa4 18. Nb3 Bc5 19. Bh6 g6 20. h4 Bb6 21. Bg5
Nc5 22. Bf6 Nd7 23. h5 b4 24. hxg6 fxg6 25. axb4 Qxb4 26. Qh4 a5 27. Bg5 Rxc2
28. Rxc2 Qxe1+ 29. Bf1 Nxe5 30. Kg2 Nf7 31. Bd2 Qd1 32. Nxd4 Bxd4 33. Rc7 Qxd2
34. Qxd4 Bc8 35. Qc5 Ba6 36. Qa7 Rf8 37. Qxa6 Ng5 38. Qa7 Rf7 39. Rc8+ Rf8 40.
Rc7 Qxb2 41. Rb7 Rxf2+ 42. Qxf2 Qxb7 43. Qf6 d4+ 44. Kf2 Qf7 45. Qxf7+ Kxf7 46.
Be2 a4 47. Bd1 a3 48. Bb3 Kf6 49. g4 Nf7 0-1

[Event "12. Open Internacional Málaga"]
[Site "Malaga ESP"]
[Date "2009.07.12"]
[Round "3.35"]
[White "Ramos Moreno, Francisco Jose"]
[Black "Gonzalez Lopez, Jose Antonio"]
[Result "1-0"]
[WhiteElo "2103"]
[BlackElo "1780"]
[PlyCount "71"]
[EventDate "2009.07.11"]
[EventType "swiss"]
[EventRounds "9"]
[EventCountry "ESP"]
[Source "lmi"]
[SourceDate "2009.07.11"]

1. e3 Nf6 2. b3 g6 3. Bb2 d5 4. Nf3 Bg7 5. Be2 O-O 6. O-O c6 7. d4 Nbd7 8. Nbd2
e5 9. Nxe5 Nxe5 10. dxe5 Nd7 11. Nf3 Re8 12. c4 Nxe5 13. Nxe5 Bxe5 14. Bxe5
Rxe5 15. Bf3 Be6 16. Qd4 Qc7 17. cxd5 Bxd5 18. e4 Be6 19. Rfd1 f6 20. Rac1 Kf7
21. Be2 Qb6 22. Qd3 Re8 23. Qc2 Rd8 24. Bc4 Rc5 25. Qc3 Ke7 26. Rxd8 Qxd8 27.
Qe3 b6 28. h3 Bxc4 29. bxc4 Kf7 30. f4 Qd6 31. Kh2 Qe6 32. Qd4 Ke7 33. Rd1 Kf7
34. Qd8 Kg7 35. Rd7+ Kh6 36. Qf8+ 1-0

[Event "12. Open Internacional Málaga"]
[Site "Malaga ESP"]
[Date "2009.07.12"]
[Round "3.36"]
[White "Garcia Rodriguez, Victor"]
[Black "Velasco Gomez, Esperanza"]
[Result "1-0"]
[WhiteElo "2090"]
[BlackElo "1851"]
[PlyCount "71"]
[EventDate "2009.07.11"]
[EventType "swiss"]
[EventRounds "9"]
[EventCountry "ESP"]
[Source "lmi"]
[SourceDate "2009.07.11"]

1. e4 c5 2. Nf3 d6 3. d4 cxd4 4. Nxd4 Nf6 5. Nc3 a6 6. Be2 e6 7. O-O Be7 8. Be3
O-O 9. f4 Qc7 10. Bf3 Nc6 11. Qe1 Bd7 12. Rd1 Rac8 13. Kh1 b5 14. a3 Na5 15.
Bc1 Nc4 16. Nce2 e5 17. Nb3 Ng4 18. Nc3 Nf6 19. Ne2 Ng4 20. Ng3 Bh4 21. Qe2 Nf6
22. Nh5 Nxh5 23. Bxh5 Nb6 24. Bg4 Qxc2 25. Qxc2 Rxc2 26. Bxd7 Nxd7 27. Rxd6 Rd8
28. Rfd1 Rc7 29. Be3 Be7 30. R6d5 Kf8 31. fxe5 Ke8 32. Nd4 g6 33. e6 Nf6 34.
Rxd8+ Bxd8 35. exf7+ Kxf7 36. Rf1 1-0

[Event "12. Open Internacional Málaga"]
[Site "Malaga ESP"]
[Date "2009.07.12"]
[Round "3.38"]
[White "Ladron De Guevara Pinto, Paolo"]
[Black "Ladron De Guevara Bravo, Fermin"]
[Result "1-0"]
[WhiteElo "2020"]
[BlackElo "1727"]
[PlyCount "95"]
[EventDate "2009.07.11"]
[EventType "swiss"]
[EventRounds "9"]
[EventCountry "ESP"]
[Source "lmi"]
[SourceDate "2009.07.11"]

1. e4 e6 2. Nf3 c5 3. d4 cxd4 4. Nxd4 a6 5. Bd3 Nc6 6. Nb3 Nf6 7. Nc3 Bb4 8.
O-O h6 9. f4 Bxc3 10. bxc3 d6 11. Qe2 e5 12. h3 b5 13. Ba3 O-O 14. f5 Bb7 15.
Rae1 Rc8 16. g4 d5 17. Bxf8 Qxf8 18. exd5 Nxd5 19. Qf2 Nf4 20. Qg3 f6 21. Be4
Nd8 22. h4 Qd6 23. g5 hxg5 24. hxg5 fxg5 25. Bxb7 Nxb7 26. Qf3 Nc5 27. Rd1 Qb6
28. Qe3 Qc6 29. Rf2 Nxb3 30. cxb3 Qxc3 31. Rd8+ Kf7 32. Qxc3 Rxc3 33. Rfd2 Kf6
34. Rf8+ Ke7 35. Ra8 Nd3 36. Rxa6 Nb4 37. Re6+ Kf7 38. Rxe5 Rc1+ 39. Kh2 Ra1
40. Rxb5 Rxa2 41. Rxa2 Nxa2 42. Rb6 Nc3 43. Kg3 Nd5 44. Rb5 Nc7 45. Ra5 Kf6 46.
Rc5 Na6 47. Rc6+ Kxf5 48. Rxa6 1-0

[Event "12. Open Internacional Málaga"]
[Site "Malaga ESP"]
[Date "2009.07.12"]
[Round "3.41"]
[White "Ortega Gonzalez, Jose Luis"]
[Black "Antunez Munoz, Juan Jesus"]
[Result "1/2-1/2"]
[WhiteElo "1867"]
[BlackElo "1699"]
[PlyCount "105"]
[EventDate "2009.07.11"]
[EventType "swiss"]
[EventRounds "9"]
[EventCountry "ESP"]
[Source "lmi"]
[SourceDate "2009.07.11"]

1. d4 Nf6 2. c4 g6 3. Nc3 Bg7 4. e4 d6 5. f4 O-O 6. Nf3 c5 7. dxc5 dxc5 8. Qc2
Nc6 9. Be2 Nd4 10. Nxd4 Qxd4 11. h3 Be6 12. e5 Bf5 13. Qd2 Ne4 14. Qxd4 cxd4
15. Nd5 Rae8 16. g4 Ng3 17. Rg1 Nxe2 18. Kxe2 Be4 19. Nb4 Rc8 20. b3 Rfd8 21.
Bb2 g5 22. Rad1 a5 23. Nd5 Bxd5 24. cxd5 Rc2+ 25. Rd2 Rxd2+ 26. Kxd2 gxf4 27.
d6 exd6 28. exd6 Rxd6 29. Kd3 Re6 30. Bc1 Rc6 31. Bd2 Be5 32. g5 Rg6 33. h4 f5
34. Rc1 Rc6 35. Rxc6 bxc6 36. Bxa5 f3 37. Be1 c5 38. a4 Kg7 39. h5 Kf7 40. a5
Ke6 41. a6 Bb8 42. b4 Ba7 43. bxc5 Bxc5 44. Bg3 Kd5 45. h6 f4 46. Bxf4 f2 47.
Ke2 d3+ 48. Kf1 Kc6 49. g6 hxg6 50. h7 Bd4 51. h8=Q Bxh8 52. Kxf2 Bd4+ 53. Kf3
1/2-1/2

[Event "12. Open Internacional Málaga"]
[Site "Malaga ESP"]
[Date "2009.07.13"]
[Round "4.1"]
[White "Stefansson, Hannes"]
[Black "Paunovic, Dragan"]
[Result "0-1"]
[WhiteElo "2580"]
[BlackElo "2533"]
[PlyCount "46"]
[EventDate "2009.07.11"]
[EventType "swiss"]
[EventRounds "9"]
[EventCountry "ESP"]
[Source "lmi"]
[SourceDate "2009.07.11"]

1. e4 d6 2. d4 Nf6 3. Nc3 e5 4. dxe5 dxe5 5. Qxd8+ Kxd8 6. Bg5 c6 7. O-O-O+
Nbd7 8. Bxf6+ gxf6 9. g3 Bc5 10. Bh3 Bxf2 11. Nf3 Kc7 12. Rhf1 Be3+ 13. Kb1 Nc5
14. Bxc8 Raxc8 15. Nh4 Bd4 16. Rxf6 Bxc3 17. Rxf7+ Kb6 18. bxc3 Rcf8 19. Rdf1
Rxf7 20. Rxf7 Nxe4 21. Re7 Rf8 22. Rxe5 Rf1+ 23. Kb2 Nd2 0-1

[Event "12. Open Internacional Málaga"]
[Site "Malaga ESP"]
[Date "2009.07.13"]
[Round "4.2"]
[White "Ibarra Jerez, Jose Carlos"]
[Black "Korneev, Oleg"]
[Result "1/2-1/2"]
[WhiteElo "2517"]
[BlackElo "2537"]
[PlyCount "25"]
[EventDate "2009.07.11"]
[EventType "swiss"]
[EventRounds "9"]
[EventCountry "ESP"]
[Source "lmi"]
[SourceDate "2009.07.11"]

1. e4 e5 2. Nf3 Nc6 3. Bb5 a6 4. Bxc6 dxc6 5. O-O f6 6. d4 exd4 7. Nxd4 c5 8.
Ne2 Qxd1 9. Rxd1 Bd7 10. Nbc3 O-O-O 11. Be3 b6 12. Rd2 Ne7 13. Rad1 1/2-1/2

[Event "12. Open Internacional Málaga"]
[Site "Malaga ESP"]
[Date "2009.07.13"]
[Round "4.3"]
[White "Bellon Lopez, Juan Manuel"]
[Black "Rivas Pastor, Manuel"]
[Result "1/2-1/2"]
[WhiteElo "2445"]
[BlackElo "2525"]
[PlyCount "22"]
[EventDate "2009.07.11"]
[EventType "swiss"]
[EventRounds "9"]
[EventCountry "ESP"]
[Source "lmi"]
[SourceDate "2009.07.11"]

1. d4 f5 2. g3 Nf6 3. Bg2 e6 4. Nf3 d5 5. c4 c6 6. O-O Bd6 7. Bf4 Bxf4 8. gxf4
O-O 9. e3 Kh8 10. Ne5 Nbd7 11. Nd2 Nxe5 1/2-1/2

[Event "12. Open Internacional Málaga"]
[Site "Malaga ESP"]
[Date "2009.07.13"]
[Round "4.5"]
[White "Djuric, Stefan"]
[Black "Strikovic, Aleksa"]
[Result "1-0"]
[WhiteElo "2437"]
[BlackElo "2523"]
[PlyCount "123"]
[EventDate "2009.07.11"]
[EventType "swiss"]
[EventRounds "9"]
[EventCountry "ESP"]
[Source "lmi"]
[SourceDate "2009.07.11"]

1. Nf3 c5 2. g3 g6 3. c3 Nf6 4. Bg2 Bg7 5. O-O O-O 6. d4 d6 7. Re1 Nc6 8. d5
Na5 9. e4 e6 10. Na3 exd5 11. exd5 b6 12. Bf4 Bf5 13. Nh4 Bg4 14. Qd2 Nh5 15.
Bg5 Bf6 16. Bxf6 Qxf6 17. Bf1 g5 18. f3 Bd7 19. Ng2 Ng7 20. f4 g4 21. b4 Nb7
22. Ba6 Rab8 23. Ne3 h5 24. Bb5 Bxb5 25. Nxb5 a6 26. Na7 Rbe8 27. Qd3 b5 28.
Nc6 Nd8 29. bxc5 dxc5 30. Ne5 c4 31. Qd2 Qd6 32. Qd4 Nb7 33. Nc6 Qc5 34. a4
Qxd4 35. Nxd4 Nd6 36. axb5 axb5 37. Ra6 Ne4 38. f5 Nc5 39. Raa1 Nd3 40. f6 Nxe1
41. fxg7 Nf3+ 42. Nxf3 Kxg7 43. Nd4 Kg6 44. Ra6+ f6 45. Ne6 Rf7 46. Kf2 Ree7
47. Nf4+ Kg5 48. h4+ gxh3 49. Nxh3+ Kg6 50. Nf4+ Kg5 51. Ra8 Re5 52. Rh8 f5 53.
Rxh5+ Kf6 54. Rh6+ Kg7 55. Rb6 Ra7 56. Rxb5 Ra2+ 57. Kf3 Ra3 58. Rb7+ Kf6 59.
Rb6+ Kf7 60. Ne2 Ra2 61. Nd4 Rd2 62. Ndxf5 1-0

[Event "12. Open Internacional Málaga"]
[Site "Malaga ESP"]
[Date "2009.07.13"]
[Round "4.6"]
[White "Bermejo Martinez, Jorge"]
[Black "Carlsson, Pontus"]
[Result "1/2-1/2"]
[WhiteElo "2240"]
[BlackElo "2494"]
[PlyCount "62"]
[EventDate "2009.07.11"]
[EventType "swiss"]
[EventRounds "9"]
[EventCountry "ESP"]
[Source "lmi"]
[SourceDate "2009.07.11"]

1. d4 Nf6 2. c4 e6 3. Nc3 Bb4 4. e3 O-O 5. Bd3 d5 6. Nge2 dxc4 7. Bxc4 e5 8.
O-O Nc6 9. d5 Ne7 10. e4 Ng6 11. a3 Bd6 12. Qd3 a6 13. f3 Qe7 14. Be3 Bd7 15.
Rad1 Rfd8 16. Kh1 Rac8 17. a4 Nf4 18. Nxf4 exf4 19. Bd4 c5 20. dxc6 Bxc6 21.
Bd5 Be5 22. Bxe5 Qxe5 23. Qd4 Qxd4 24. Rxd4 Rd7 25. Rfd1 Rcd8 26. b4 g5 27. b5
axb5 28. axb5 Bxd5 29. exd5 Kg7 30. g3 fxg3 31. hxg3 h6 1/2-1/2

[Event "12. Open Internacional Málaga"]
[Site "Malaga ESP"]
[Date "2009.07.13"]
[Round "4.7"]
[White "Tratar, Marko"]
[Black "Charleshouse, Glenn L"]
[Result "1/2-1/2"]
[WhiteElo "2494"]
[BlackElo "2175"]
[PlyCount "79"]
[EventDate "2009.07.11"]
[EventType "swiss"]
[EventRounds "9"]
[EventCountry "ESP"]
[Source "lmi"]
[SourceDate "2009.07.11"]

1. d4 Nf6 2. Nf3 e6 3. c4 Bb4+ 4. Bd2 Qe7 5. g3 Nc6 6. Nc3 O-O 7. Bg2 Bxc3 8.
Bxc3 Ne4 9. Qc2 Nxc3 10. Qxc3 Qb4 11. Qxb4 Nxb4 12. Kd2 d6 13. Kc3 Nc6 14. d5
Ne7 15. Nd4 e5 16. Nc2 Bg4 17. e4 Bd7 18. f4 f6 19. Raf1 Rac8 20. Ne3 Rfd8 21.
h4 c6 22. Kd2 cxd5 23. cxd5 Rc5 24. Rc1 Rdc8 25. Rxc5 Rxc5 26. fxe5 dxe5 27. b4
Rc8 28. Bf1 Rd8 29. Bd3 Kf8 30. Rc1 Rc8 31. Rf1 h6 32. h5 Ke8 33. Nc4 Kd8 34.
Rf2 Rb8 35. Nxe5 fxe5 36. Rf8+ Be8 37. Bb5 Kc7 38. Rxe8 Rxe8 39. Bxe8 Nc8 40.
Kd3 1/2-1/2

[Event "12. Open Internacional Málaga"]
[Site "Malaga ESP"]
[Date "2009.07.13"]
[Round "4.8"]
[White "Fernandez Romero, Ernesto"]
[Black "Mogranzini, Roberto"]
[Result "1/2-1/2"]
[WhiteElo "2461"]
[BlackElo "2415"]
[PlyCount "23"]
[EventDate "2009.07.11"]
[EventType "swiss"]
[EventRounds "9"]
[EventCountry "ESP"]
[Source "lmi"]
[SourceDate "2009.07.11"]

1. e4 c5 2. Ne2 e6 3. c4 Nc6 4. Nbc3 Nf6 5. d4 cxd4 6. Nxd4 Bb4 7. Nxc6 dxc6 8.
Qc2 e5 9. a3 Bc5 10. Be2 Nd7 11. O-O Nf8 12. b4 1/2-1/2

[Event "12. Open Internacional Málaga"]
[Site "Malaga ESP"]
[Date "2009.07.13"]
[Round "4.9"]
[White "Lasinskas, Povilas"]
[Black "Khamrakulov, Ibragim S"]
[Result "0-1"]
[WhiteElo "2268"]
[BlackElo "2553"]
[PlyCount "56"]
[EventDate "2009.07.11"]
[EventType "swiss"]
[EventRounds "9"]
[EventCountry "ESP"]
[Source "lmi"]
[SourceDate "2009.07.11"]

1. d4 Nf6 2. c4 g6 3. Nc3 d5 4. Nf3 Bg7 5. cxd5 Nxd5 6. Bd2 O-O 7. e4 Nxc3 8.
Bxc3 b6 9. Bc4 Bb7 10. Qe2 Nd7 11. e5 e6 12. h4 c5 13. O-O-O Bxf3 14. gxf3 cxd4
15. Rxd4 Qc7 16. f4 h5 17. Kb1 Nc5 18. Rd6 Rac8 19. f5 Na4 20. Ba6 Nxc3+ 21.
bxc3 Qxc3 22. Re1 Qb4+ 23. Ka1 Qxd6 24. Bxc8 Rxc8 25. fxg6 fxg6 26. Qb2 Qc5 27.
f4 Qc3 28. Qxc3 Rxc3 0-1

[Event "12. Open Internacional Málaga"]
[Site "Malaga ESP"]
[Date "2009.07.13"]
[Round "4.10"]
[White "Kurajica, Bojan"]
[Black "Naranjo Moreno, Antonio"]
[Result "1-0"]
[WhiteElo "2524"]
[BlackElo "2244"]
[PlyCount "59"]
[EventDate "2009.07.11"]
[EventType "swiss"]
[EventRounds "9"]
[EventCountry "ESP"]
[Source "lmi"]
[SourceDate "2009.07.11"]

1. d4 Nf6 2. Nf3 g6 3. g3 Bg7 4. Bg2 O-O 5. O-O d6 6. b3 Nc6 7. Bb2 a6 8. d5
Nb8 9. c4 c5 10. Nbd2 b5 11. Re1 Nbd7 12. e4 Nb6 13. e5 Ne8 14. h3 Ra7 15. Bf1
Bd7 16. a4 bxa4 17. bxa4 a5 18. Ne4 e6 19. dxe6 Bxe6 20. Qb3 d5 21. Nxc5 dxc4
22. Nxe6 fxe6 23. Qe3 Rd7 24. Nd4 Nd5 25. Qe4 Qb6 26. Rab1 Qc5 27. Qe2 Nec7 28.
Qxc4 Qa7 29. Rbd1 Nb6 30. Qc6 1-0

[Event "12. Open Internacional Málaga"]
[Site "Malaga ESP"]
[Date "2009.07.13"]
[Round "4.12"]
[White "Jessel, Stephen"]
[Black "Larino Nieto, David"]
[Result "1/2-1/2"]
[WhiteElo "2275"]
[BlackElo "2455"]
[PlyCount "137"]
[EventDate "2009.07.11"]
[EventType "swiss"]
[EventRounds "9"]
[EventCountry "ESP"]
[Source "lmi"]
[SourceDate "2009.07.11"]

1. Nf3 Nf6 2. c4 c5 3. g3 Nc6 4. d4 cxd4 5. Nxd4 Qa5+ 6. Bd2 Qc5 7. Nb5 Ne5 8.
Bg2 Nxc4 9. N1a3 Nxa3 10. Nxa3 d5 11. Qb3 a6 12. O-O e6 13. Rac1 Qd6 14. e4 Be7
15. exd5 exd5 16. Nc2 O-O 17. Bb4 Qd8 18. Bxe7 Qxe7 19. Nb4 Be6 20. Nxd5 Nxd5
21. Bxd5 Bxd5 22. Qxd5 Rad8 23. Qa5 Qf6 24. Qc3 Qf5 25. Rfd1 h6 26. Qc7 Rxd1+
27. Rxd1 Qe4 28. Rd8 Rxd8 29. Qxd8+ Kh7 30. Qb6 g5 31. h3 h5 32. Qf6 Qg6 33.
Qxg6+ Kxg6 34. f3 h4 35. gxh4 gxh4 36. Kf2 Kf5 37. Ke3 Ke5 38. b3 b6 39. f4+
Kd5 40. Kd3 b5 41. Ke3 a5 42. Kd3 a4 43. bxa4 bxa4 44. Kc3 Ke4 45. Kb4 Kxf4 46.
Kxa4 f5 47. Kb4 Kg3 48. a4 f4 49. a5 f3 50. a6 f2 51. a7 f1=Q 52. a8=Q Qe1+ 53.
Kb5 Qe2+ 54. Kc5 Qe3+ 55. Kb5 Kxh3 56. Qc8+ Kh2 57. Qc2+ Kh1 58. Qd1+ Kh2 59.
Qc2+ Kg1 60. Qg6+ Kf1 61. Qf5+ Ke1 62. Qb1+ Kf2 63. Qf5+ Qf3 64. Qc5+ Qe3 65.
Qf5+ Kg3 66. Qg6+ Kh2 67. Qc2+ Kg1 68. Qb1+ Kf2 69. Qf5+ 1/2-1/2

[Event "12. Open Internacional Málaga"]
[Site "Malaga ESP"]
[Date "2009.07.13"]
[Round "4.14"]
[White "Schmidt, Ralf"]
[Black "Guerra Bastida, Diego"]
[Result "0-1"]
[WhiteElo "2171"]
[BlackElo "2419"]
[PlyCount "98"]
[EventDate "2009.07.11"]
[EventType "swiss"]
[EventRounds "9"]
[EventCountry "ESP"]
[Source "lmi"]
[SourceDate "2009.07.11"]

1. e4 c5 2. Nc3 Nc6 3. g3 g6 4. Bg2 Bg7 5. d3 d6 6. Be3 Nd4 7. Qd2 e5 8. f4 Nf6
9. Nf3 Ng4 10. Bxd4 cxd4 11. Nd5 exf4 12. gxf4 Be6 13. h3 Ne3 14. Nxe3 dxe3 15.
Qb4 a5 16. Qb5+ Bd7 17. Qxb7 O-O 18. O-O Rb8 19. Qa7 Rxb2 20. Qxe3 Rxc2 21. d4
Qb6 22. Rab1 Qa7 23. Rf2 Rc4 24. Rd2 Rfc8 25. a3 Ba4 26. e5 Rc3 27. Qf2 Rc1+
28. Rxc1 Rxc1+ 29. Kh2 Bc6 30. Qh4 Bxf3 31. Qd8+ Bf8 32. Bxf3 Qa6 33. Re2 Qd3
34. Kg3 Rf1 35. Qa8 Qxd4 36. exd6 Qxd6 37. Qxa5 Qd3 38. Qa8 Rg1+ 39. Rg2 Ra1
40. a4 Kg7 41. Qe4 Qxe4 42. Bxe4 Rxa4 43. Re2 Bd6 44. Rd2 Bb8 45. Rb2 Ra3+ 46.
Bf3 Bd6 47. Rb6 Rd3 48. Rb7 Rd4 49. Kg2 Bxf4 0-1